Tạp chí Nghiên cứu y học = Journal of medical research Tập 143. Số 7
Nội dung:Tác động của đại dịch COVID- 19 tới nhân viên y tế tại Hà Nội năm 2020; Mối liên quan giữa nhiệt độ với số người bệnh cao tuổi mắc bệnh phổi tắc nghẽn mạn tỉnh (COPD) điều trị nội trú tại năm bệnh viện tại thành phố Đà Nẵn...
Sparad:
| Materialtyp: | Bok |
|---|---|
| Språk: | Vietnamese |
| Publicerad: |
H.
Trường Đại học Y Hà Nội
2021
|
| Ämnen: | |
| Taggar: |
Lägg till en tagg
Inga taggar, Lägg till första taggen!
|
| Thư viện lưu trữ: | Thư viện Trường Đại học Nam Cần Thơ |
|---|
| LEADER | 01451nam a2200217 4500 | ||
|---|---|---|---|
| 001 | NCT_109214 | ||
| 008 | 170928b xxu||||| |||| 00| 0 vie d | ||
| 999 | |c 5541 |d 5541 | ||
| 022 | |a 2354-080X | ||
| 041 | |a vie | ||
| 082 | 0 | 4 | |2 23rd ed. |a 610 |b T109C |
| 245 | 1 | 0 | |a Tạp chí Nghiên cứu y học |b = Journal of medical research |n Tập 143. Số 7 |c Trường Đại học Y Hà Nội |
| 260 | |a H. |b Trường Đại học Y Hà Nội |c 2021 | ||
| 310 | |a Tháng 1 kỳ | ||
| 362 | |a 08/2021 | ||
| 520 | 3 | |a Nội dung:Tác động của đại dịch COVID- 19 tới nhân viên y tế tại Hà Nội năm 2020; Mối liên quan giữa nhiệt độ với số người bệnh cao tuổi mắc bệnh phổi tắc nghẽn mạn tỉnh (COPD) điều trị nội trú tại năm bệnh viện tại thành phố Đà Nẵng năm 2019; Thực trạng tư vấn của điều dưỡng đối với người bệnh điều trị nội trú và một số yếu 3 16 tổ liên quan tại khoa Phẫu thuật, Bệnh viện Trung ương Quân đội 108 năm 2018;... | |
| 653 | |a Y đa khoa | ||
| 655 | |a Tạp chí | ||
| 942 | |2 ddc |c CR | ||
| 952 | |0 0 |1 0 |2 ddc |4 0 |6 610_000000000000000_T109C |7 0 |9 22974 |a 000001 |b 000001 |d 2022-04-07 |o 610 T109C |r 2022-04-07 |w 2022-04-07 |y CR | ||
| 980 | |a Thư viện Trường Đại học Nam Cần Thơ | ||